| Registos Bibliográficos associados ao registo de autoridade |
|
Etiqueta de registo: 00254nam 2200025 450 001 2284477 003 http://id.bnportugal.gov.pt/bib/catbnp/2284477 010 ## $a978-989-589-636-3 021 ## $aPT$b559738/26 100 ## $a20260415d2026 c y0pory01030103ba 101 1# $apor$cita 102 ## $aPT 105 ## $aa z 000zy 106 ## $ar 200 1# $aArquivo dos medos (in)úteis$fGiuseppe Sofo$gil. Pauline Cremer$gtrad. Igor Lobão 205 ## $a1ª ed 210 #9 $aLisboa$cLilliput,$d2026 215 ## $a1 v.$cil.$d27 cm 304 ## $aTít. orig.: Archivio delle paure (in)utili 675 ## $a087.5$vBN$zpor$3287999 675 ## $a159.942(0.053.5)$vBN$zpor$31503727 700 #1 $aSofo,$bGiuseppe$31995820 701 #1 $aCremer,$bPauline$4440$31995821 702 #1 $aLobão,$bIgor,$f1976-$4730$31730379 801 #0 $aPT$bBN$gRPC 856 41 $uhttp://rnod.bnportugal.gov.pt/ImagesBN/winlibimg.aspx?skey=&doc=2284477&img=221833&save=true 900 ## $aBIBNAC$d20260507 966 ## $lBN$mFGMON$sP. 72664 V.$x1 966 ## $lBN$mFGMON$sP. 72664 V.-D$x1 971 ## $cisantos$d20260415 972 ## $e0$z0$d20260507$vasantos 973 ## $csteixeira$d20260427 975 ## $e0$d20260511$viquintas
|
|
|